[Event "CAMPEONATO DE EUSKADI ABSOLUTO"]
[Site "Zornotza"]
[Date "2009.04.15"]
[Round "3.1"]
[White "Gomez Esteban, Juan Mario"]
[Black "Trigo Urquijo, Sergio"]
[Result "1-0"]
[WhiteElo "2495"]
[BlackElo "2216"]
[PlyCount "53"]
[EventDate "2009.04.13"]

1. e4 e5 2. Nf3 Nc6 3. Bb5 a6 4. Ba4 Nf6 5. Qe2 Bc5 6. O-O d6 7. c3 Bg4 8. h3
Bh5 9. Rd1 b5 10. Bc2 O-O 11. d3 Nd7 12. Nbd2 Ne7 13. Nf1 f5 14. d4 Bxf3 15.
Qxf3 fxe4 16. Qxe4 Nf6 17. Qd3 Bb6 18. dxe5 dxe5 19. Qe2 Qe8 20. Be3 Bxe3 21.
Nxe3 c6 22. Rd6 e4 23. Ng4 Nfd5 24. Re1 Rd8 25. Rxd8 Qxd8 26. Bxe4 Re8 27.
Bxd5+ 1-0

[Event "CAMPEONATO DE EUSKADI ABSOLUTO"]
[Site "Zornotza"]
[Date "2009.04.15"]
[Round "3.2"]
[White "Astasio Lopez, David"]
[Black "Arias Garcia, Luis Javier"]
[Result "1-0"]
[WhiteElo "2250"]
[BlackElo "2203"]
[PlyCount "73"]
[EventDate "2009.04.13"]

1. d4 Nf6 2. Nd2 d5 3. Ngf3 g6 4. e3 Bg7 5. Bd3 b6 6. c4 dxc4 7. Bxc4 O-O 8.
Qe2 Bb7 9. O-O Nc6 10. b3 Na5 11. Bd3 c5 12. Bb2 cxd4 13. Bxd4 Rc8 14. Rfd1 Nc6
15. Bb2 Nb4 16. Bc4 Qd7 17. a3 Nbd5 18. Ne5 Qd6 19. Ndf3 Ne4 20. Rd4 f5 21. a4
e6 22. Rdd1 Rfd8 23. Qd3 g5 24. h3 a5 25. Rac1 Qe7 26. Bd4 Nc5 27. Qb1 Rc7 28.
Qb2 Rdc8 29. Qb1 Nb4 30. Qxf5 Kh8 31. Qxg5 Qxg5 32. Nxg5 Nxb3 33. Nxe6 Nxc1 34.
Nxc7 Rxc7 35. Rxc1 Bf6 36. Rd1 Kg7 37. Bxb6 1-0

[Event "CAMPEONATO DE EUSKADI ABSOLUTO"]
[Site "Zornotza"]
[Date "2009.04.15"]
[Round "3.3"]
[White "Diez Fraile, David"]
[Black "Limeres Guiance, Cristobal"]
[Result "1/2-1/2"]
[WhiteElo "2184"]
[BlackElo "2309"]
[PlyCount "105"]
[EventDate "2009.04.13"]

1. e4 e6 2. d4 d5 3. e5 b6 4. c3 Qd7 5. a4 a5 6. Nf3 Ba6 7. Bxa6 Nxa6 8. O-O
Ne7 9. Na3 Ng6 10. Nc2 Be7 11. Bg5 f6 12. Be3 f5 13. Bg5 O-O 14. Qe2 Bxg5 15.
Nxg5 h6 16. Nf3 c5 17. c4 Qb7 18. Na3 cxd4 19. Nxd4 Nc5 20. Rad1 dxc4 21. Nxc4
Nf4 22. Qf3 Qxf3 23. Nxf3 Nxa4 24. Ra1 b5 25. Nd6 Nxb2 26. Rfb1 Nfd3 27. Nxb5
Nc4 28. Nc7 Ra7 29. Nxe6 Re8 30. Ned4 a4 31. Nb5 Ra5 32. Nd6 Nxd6 33. exd6 Rd8
34. Rd1 Nb2 35. Rd4 a3 36. Ra2 Kf7 37. g3 Ke6 38. Rb4 Rxd6 39. Nd4+ Kf6 40. Nc2
Nd3 41. Rb3 f4 42. Raxa3 Rxa3 43. Rxa3 f3 44. Kf1 Ne5 45. Ke1 g5 46. h3 h5 47.
Rc3 Nd3+ 48. Kf1 Ne5 49. Ke1 g4 50. hxg4 hxg4 51. Ne3 Ke6 52. Nxg4 Nxg4 53.
Rxf3 1/2-1/2

[Event "CAMPEONATO DE EUSKADI ABSOLUTO"]
[Site "Zornotza"]
[Date "2009.04.15"]
[Round "3.4"]
[White "Martin Alvarez, Inigo"]
[Black "Sanz Perez, Eduardo"]
[Result "1-0"]
[WhiteElo "2236"]
[BlackElo "2177"]
[PlyCount "63"]
[EventDate "2009.04.13"]

1. e4 e6 2. d4 d5 3. e5 c5 4. Nf3 Nc6 5. Bd3 cxd4 6. O-O Nge7 7. Bf4 Qb6 8.
Nbd2 Bd7 9. Nb3 Nb4 10. Nbxd4 Nxd3 11. Qxd3 Nc6 12. a3 Nxd4 13. Nxd4 Bc5 14.
Be3 Rc8 15. b4 Bxd4 16. Bxd4 Qc7 17. c3 b6 18. Qg3 O-O 19. f4 a5 20. Rf3 Kh8
21. Qh4 axb4 22. Rh3 h6 23. axb4 Ra8 24. Re1 Kh7 25. f5 Qd8 26. f6 Rh8 27. Be3
Kg8 28. Qg4 g6 29. Bxh6 Rh7 30. Bg7 Rxg7 31. Qh4 Kf8 32. fxg7+ 1-0

[Event "CAMPEONATO DE EUSKADI ABSOLUTO"]
[Site "Zornotza"]
[Date "2009.04.15"]
[Round "3.5"]
[White "Galzagorri Uli, Yeray"]
[Black "Huerga Leache, Mikel"]
[Result "1-0"]
[WhiteElo "2263"]
[BlackElo "2451"]
[PlyCount "175"]
[EventDate "2009.04.13"]

1. e4 c5 2. Nc3 Nc6 3. Nge2 d6 4. d4 cxd4 5. Nxd4 Nf6 6. g3 g6 7. Nde2 Bg7 8.
Bg2 O-O 9. O-O Rb8 10. a4 a6 11. Nd5 b5 12. axb5 axb5 13. Bg5 Nd7 14. Qc1 Re8
15. Rd1 Nc5 16. h3 b4 17. Be3 e6 18. Bxc5 dxc5 19. Nxb4 Qc7 20. Nxc6 Bxb2 21.
Qf4 e5 22. Qf6 Rb6 23. Ra7 Qxa7 24. Rd8 Bd7 25. Nxa7 Rxf6 26. Rxd7 Rb8 27. Bf1
Ba1 28. Rd1 Ra6 29. Nc6 Re8 30. Kg2 Re6 31. Nd8 Rf6 32. Nb7 c4 33. Nc5 Ra2 34.
Nd7 Rfa6 35. c3 R2a3 36. Ng1 Bxc3 37. Bxc4 Ra7 38. Nf3 Kg7 39. Nb8 Rc7 40. Bd5
Kf6 41. Rb1 Bd4 42. Nc6 Ra1 43. Rb4 Bc5 44. Rb5 Bd6 45. h4 Rc1 46. Rb6 Bc5 47.
Ra6 Kg7 48. Ncxe5 Rc2 49. Nd3 Ba7 50. Nfe5 Rd2 51. Nc6 Be3 52. Ra3 Bb6 53. Rb3
Ba7 54. Nxa7 Rxa7 55. Nf4 Raa2 56. Rf3 Ra1 57. g4 Rdd1 58. Nh3 f6 59. Rc3 Ra7
60. Rc8 h6 61. Nf4 Kh7 62. Rf8 Kg7 63. Rg8+ Kh7 64. Rxg6 Rg7 65. h5 Ra1 66. Kg3
Ra6 67. Rxg7+ Kxg7 68. Ne6+ Kh7 69. Kf4 Ra3 70. f3 Rd3 71. Nc5 Rc3 72. Ne6 Rd3
73. Kg3 Kh8 74. Kf2 Kh7 75. Nf4 Rc3 76. Ke2 Ra3 77. Nd3 Kg7 78. f4 Ra5 79. Ke3
Rb5 80. Kd4 Rb1 81. e5 Rg1 82. Be6 Rd1 83. Bf5 Ra1 84. e6 Kf8 85. Nb4 Ra4 86.
Kc5 Ra5+ 87. Kd6 Ra7 88. Nc6 1-0

[Event "CAMPEONATO DE EUSKADI ABSOLUTO"]
[Site "Zornotza"]
[Date "2009.04.15"]
[Round "3.6"]
[White "Padilla Cabero, Pablo"]
[Black "Argandona Riveiro, Inigo"]
[Result "0-1"]
[WhiteElo "2168"]
[BlackElo "2371"]
[PlyCount "102"]
[EventDate "2009.04.13"]

1. e4 d6 2. f4 d5 3. Nc3 dxe4 4. Nxe4 Nd7 5. d4 Ndf6 6. Nf2 h5 7. Bc4 Nh6 8. c3
c6 9. Ngh3 Bg4 10. Qd2 Bxh3 11. Nxh3 e6 12. O-O Qc7 13. Ng5 O-O-O 14. b4 Kb8
15. a4 Nf5 16. Rf3 h4 17. Bd3 Bd6 18. Qc2 g6 19. Bd2 Rh5 20. Ne4 Be7 21. Re1
Nd5 22. Qb1 Kc8 23. a5 Kd7 24. Nf2 Bd6 25. Ng4 Ke7 26. Ne5 Kf8 27. Rh3 Nf6 28.
Bc4 b6 29. Qa2 c5 30. dxc5 bxc5 31. b5 Ng7 32. Nc6 Rd7 33. Rf3 Nd5 34. Re4 Kg8
35. Qc2 Nf6 36. Re2 Nd5 37. g3 hxg3 38. hxg3 Nf6 39. Ne5 Bxe5 40. Rxe5 Rxe5 41.
fxe5 Qxe5 42. Bf4 Qh5 43. Qe2 Nd5 44. Bd2 Nf5 45. b6 axb6 46. axb6 Nxb6 47. Bd3
Nxg3 48. Qg2 Rxd3 49. Rxd3 Qd1+ 50. Kh2 Nf1+ 51. Kh1 Ne3+ 0-1

[Event "CAMPEONATO DE EUSKADI ABSOLUTO"]
[Site "Zornotza"]
[Date "2009.04.15"]
[Round "3.7"]
[White "Ruiz Gomez, Alejandro"]
[Black "Varas, Carlos"]
[Result "0-1"]
[WhiteElo "2363"]
[BlackElo "2245"]
[PlyCount "82"]
[EventDate "2009.04.13"]

1. d4 e6 2. c4 Nf6 3. Nc3 Bb4 4. Qc2 c5 5. dxc5 Na6 6. a3 Bxc3+ 7. Qxc3 Nxc5 8.
b4 Nce4 9. Qb2 d5 10. e3 O-O 11. c5 Ng4 12. Nh3 e5 13. g3 Ng5 14. Nxg5 Qxg5 15.
h3 Nf6 16. Bg2 Qf5 17. g4 Qe6 18. O-O Bd7 19. f4 Bb5 20. Rf2 Rfe8 21. fxe5 Ne4
22. Rf4 Ng3 23. Kh2 Ne2 24. a4 Bc4 25. Rf2 Nxc1 26. Rxc1 Rab8 27. e4 dxe4 28.
Bxe4 Bd5 29. Bf5 Qxe5+ 30. Qxe5 Rxe5 31. b5 Be6 32. c6 Bxf5 33. Rxf5 Re2+ 34.
Kg3 bxc6 35. Rxc6 Re3+ 36. Kf4 Ra3 37. Ra6 Rb7 38. Rc5 h6 39. Rc8+ Kh7 40. Ra8
Re7 41. R8xa7 g5+ 0-1

[Event "CAMPEONATO DE EUSKADI ABSOLUTO"]
[Site "Zornotza"]
[Date "2009.04.15"]
[Round "3.8"]
[White "Nava Pereda, Carlos"]
[Black "Sarralde Osua, Rodrigo"]
[Result "0-1"]
[WhiteElo "2296"]
[BlackElo "2190"]
[PlyCount "110"]
[EventDate "2009.04.13"]

1. c4 c6 2. e4 d5 3. exd5 cxd5 4. cxd5 Qxd5 5. Nc3 Qd8 6. Nf3 Nf6 7. d4 e6 8.
Bc4 Be7 9. O-O O-O 10. Re1 Nbd7 11. Bb3 Nb6 12. Ne5 Bd7 13. Bg5 Rc8 14. Qf3 Bc6
15. Nxc6 bxc6 16. Rad1 Nbd5 17. Ne4 Nxe4 18. Bxe7 Qxe7 19. Rxe4 Rfd8 20. Qh3
Qf6 21. Qg3 h6 22. Rde1 c5 23. dxc5 Rxc5 24. Qe5 Qg6 25. Qd4 Rcc8 26. Rg4 Qf6
27. g3 h5 28. Qxf6 Nxf6 29. Ra4 Rd2 30. Rxa7 Rcd8 31. Rc7 Ng4 32. Rf1 Rxb2 33.
Rc2 Rxc2 34. Bxc2 Rd2 35. Bb3 Rb2 36. Rc1 Kf8 37. Rc2 Rb1+ 38. Kg2 Ke7 39. Rc7+
Kf6 40. Rc3 g5 41. Rf3+ Ke7 42. h3 Ne5 43. Re3 Kf6 44. f3 Rb2+ 45. Kg1 h4 46.
gxh4 gxh4 47. a4 Kf5 48. a5 Kf4 49. Re4+ Kxf3 50. Rxe5 Rxb3 51. Rg5 f5 52. Rg6
e5 53. Kh2 e4 54. a6 Rb2+ 55. Kh1 Ra2 0-1

[Event "CAMPEONATO DE EUSKADI ABSOLUTO"]
[Site "Zornotza"]
[Date "2009.04.15"]
[Round "3.9"]
[White "Alvarez Ibarra, Rafael"]
[Black "Villalta Bustillo, Igor"]
[Result "1-0"]
[WhiteElo "2377"]
[BlackElo "2169"]
[PlyCount "79"]
[EventDate "2009.04.13"]

1. d4 d5 2. Nf3 e6 3. c4 c5 4. cxd5 exd5 5. g3 Nc6 6. Bg2 Nf6 7. O-O Be7 8. Nc3
O-O 9. Bg5 c4 10. Ne5 Be6 11. b3 Qa5 12. Qd2 Rfd8 13. Nxc6 bxc6 14. bxc4 dxc4
15. Bxc6 Rac8 16. Bg2 Bb4 17. Rac1 Nd5 18. Bxd8 Rxd8 19. Bxd5 Bxd5 20. Qe3 Be6
21. d5 Bh3 22. Rfd1 h5 23. Qd4 Ba3 24. Rb1 Bc5 25. Qh4 Bd7 26. d6 Re8 27. Qxc4
Rc8 28. Qb3 g6 29. Nd5 Kg7 30. Rbc1 Rd8 31. Qc2 Bxd6 32. Qb2+ Kh6 33. Qf6 Ba4
34. Qxf7 Bxd1 35. Rxd1 Qxa2 36. Qf3 Re8 37. Nf6 Rf8 38. Rxd6 Qa1+ 39. Kg2 Kg7
40. Rd7+ 1-0

[Event "CAMPEONATO DE EUSKADI ABSOLUTO"]
[Site "Zornotza"]
[Date "2009.04.15"]
[Round "3.10"]
[White "Agirretxe San Sebastian, Jesus"]
[Black "Lopez Rojas, Salvador"]
[Result "1/2-1/2"]
[WhiteElo "2173"]
[BlackElo "1798"]
[PlyCount "81"]
[EventDate "2009.04.13"]

1. c4 Nf6 2. Nc3 d5 3. cxd5 Nxd5 4. g3 c6 5. Bg2 e6 6. Nf3 Nd7 7. O-O Be7 8. d4
O-O 9. e4 Nxc3 10. bxc3 c5 11. Bf4 Nf6 12. Ne5 Qa5 13. Qb3 Nh5 14. Be3 h6 15.
Rfd1 Qc7 16. Nc4 g5 17. Rd2 Rb8 18. a4 b6 19. d5 exd5 20. exd5 Bd6 21. Nxd6
Qxd6 22. c4 f5 23. Rdd1 f4 24. Bc1 Bg4 25. Re1 fxg3 26. hxg3 Qf6 27. Qb2 Rbe8
28. Rxe8 Rxe8 29. Qxf6 Re1+ 30. Bf1 Nxf6 31. Bb2 Rxa1 32. Bxa1 Kf7 33. Be5 Bd1
34. Bb8 Bxa4 35. Bxa7 Nd7 36. Bh3 Ke7 37. Bxd7 Kxd7 38. Bxb6 Kd6 39. Ba7 Bb3
40. Bb8+ Kd7 41. Be5 1/2-1/2

[Event "CAMPEONATO DE EUSKADI ABSOLUTO"]
[Site "Zornotza"]
[Date "2009.04.15"]
[Round "3.11"]
[White "Torres Garcia, Koldo"]
[Black "Hernandez Perez, Jesus"]
[Result "0-1"]
[WhiteElo "2043"]
[BlackElo "2061"]
[PlyCount "114"]
[EventDate "2009.04.13"]

1. d4 e6 2. Nf3 f5 3. Nbd2 Nf6 4. e3 Be7 5. Be2 O-O 6. O-O d6 7. c4 Re8 8. Qc2
d5 9. Ne5 c6 10. a3 Nbd7 11. Ndf3 Nxe5 12. Nxe5 Nd7 13. Nd3 b6 14. b4 Ba6 15.
c5 Bxd3 16. Bxd3 b5 17. f3 Bf6 18. Bb2 g6 19. a4 a6 20. Ra3 Qc7 21. Rfa1 Rab8
22. Bc3 Bg5 23. Qf2 e5 24. e4 exd4 25. Bxd4 dxe4 26. Qa2+ Kf8 27. fxe4 f4 28.
axb5 axb5 29. Ra7 Rb7 30. Rxb7 Qxb7 31. Qb2 Ke7 32. Be2 Qc7 33. Bf3 Bf6 34.
Bxf6+ Nxf6 35. e5 Nd7 36. e6 Qe5 37. Qa2 Qd4+ 38. Kh1 Ne5 39. Qa7+ Kxe6 40. Rd1
Nd3 41. Qa2+ Kf6 42. Qa1 Qxa1 43. Rxa1 Nxb4 44. h3 Rc8 45. Ra7 Nd3 46. Rxh7
Nxc5 47. Rh4 Nd3 48. Be2 Rd8 49. Kg1 c5 50. Bxd3 Rxd3 51. Rxf4+ Ke5 52. Rg4 Kf5
53. Kf2 c4 54. Ke2 Rd6 55. Rg3 Rd5 56. Rf3+ Ke6 57. Re3+ Re5 0-1

[Event "CAMPEONATO DE EUSKADI ABSOLUTO"]
[Site "Zornotza"]
[Date "2009.04.15"]
[Round "3.12"]
[White "De Andres Oterino, Carlos"]
[Black "Galarza Cenzano, Inigo"]
[Result "1/2-1/2"]
[WhiteElo "1954"]
[BlackElo "2037"]
[PlyCount "198"]
[EventDate "2009.04.13"]

1. Nf3 Nf6 2. c4 g6 3. Nc3 Bg7 4. e4 d6 5. d4 O-O 6. Be2 e5 7. dxe5 dxe5 8.
Qxd8 Rxd8 9. Nd5 Nxd5 10. cxd5 c6 11. Bc4 b5 12. Bb3 Bb7 13. Bg5 Rd7 14. Rc1 h6
15. Be3 a5 16. a4 cxd5 17. Bxd5 Bxd5 18. Rc8+ Kh7 19. exd5 Rxd5 20. b3 Rd3 21.
Nd2 bxa4 22. bxa4 Rd6 23. Ne4 Rc6 24. Re8 f5 25. Ke2 fxe4 26. Rb1 Rc2+ 27. Kd1
Ra2 28. Rb7 Ra6 29. Ree7 Rd6+ 30. Kc1 Rd7 31. Rexd7 Nxd7 32. Rxd7 Rxa4 33. Kb2
Rc4 34. Kb3 Rc8 35. Ka4 g5 36. Kxa5 Kg6 37. Kb5 Bf6 38. g4 h5 39. h3 h4 40. Bc5
Rb8+ 41. Bb6 Rc8 42. Rc7 Rd8 43. Rc1 Rd3 44. Be3 Rd7 45. Kc6 Rd8 46. Rb1 Bg7
47. Rc1 Rd3 48. Kc7 Bf6 49. Rb1 Bd8+ 50. Kc8 Bf6 51. Kc7 Bd8+ 52. Kc6 Bf6 53.
Kc5 Rd8 54. Kc4 Rd7 55. Re1 Rd3 56. Rb1 Rd8 57. Re1 Rd7 58. Rb1 Rd8 59. Ra1 Rd7
60. Re1 Rd8 61. Bc5 Rd3 62. Re3 Kf7 63. Rxd3 exd3 64. Kxd3 Ke6 65. Ke4 Bd8 66.
Be3 Be7 67. Bd2 Bc5 68. f3 Be7 69. Bc3 Bd6 70. Bb2 Bc7 71. Ba3 Bd8 72. Bc5 Bf6
73. Bb6 Be7 74. Be3 Bd8 75. Bd2 Be7 76. Bc3 Bd6 77. Ba5 Be7 78. Bc7 Bf6 79. Bb8
Bg7 80. Bc7 Bf6 81. Ba5 Be7 82. Bc3 Bd6 83. Bd2 Be7 84. Be3 Bd8 85. Bc5 Bf6 86.
Bf8 Bh8 87. Kd3 Kf7 88. Bc5 Ke6 89. Kc4 Bf6 90. Be3 Be7 91. Bd2 Bd8 92. Kc5
Be7+ 93. Kc6 Bd8 94. Be3 Bf6 95. Bd2 Bd8 96. Be3 Bf6 97. Bd2 Bd8 98. Bc1 Bf6
99. Be3 Be7 1/2-1/2

[Event "CAMPEONATO DE EUSKADI ABSOLUTO"]
[Site "Zornotza"]
[Date "2009.04.15"]
[Round "3.13"]
[White "Gutierrez Bustillo, Diego"]
[Black "Arana Garate, Jon"]
[Result "1-0"]
[WhiteElo "2004"]
[BlackElo "1966"]
[PlyCount "105"]
[EventDate "2009.04.13"]

1. e4 e5 2. Nf3 Nc6 3. d4 exd4 4. Nxd4 Ne5 5. f4 Nc6 6. Nxc6 bxc6 7. Be3 Nf6 8.
Nd2 Bb4 9. c3 Ba5 10. Nc4 Bb6 11. Nxb6 axb6 12. Bd3 Qe7 13. O-O Nxe4 14. Bxe4
Qxe4 15. Re1 O-O 16. Bc5 Qxf4 17. Bxf8 Kxf8 18. Qe2 g6 19. Qe8+ Kg7 20. Re4 Qf5
21. Rf1 Qxf1+ 22. Kxf1 Ba6+ 23. Kf2 Rxe8 24. Rxe8 Bc4 25. b3 Be6 26. Rc8 Kf6
27. Rxc7 b5 28. a4 bxa4 29. bxa4 Ke7 30. a5 Kd8 31. Rb7 Bc4 32. Rb4 Ba6 33. Rb6
Bc8 34. a6 Kc7 35. a7 Bb7 36. Ra6 Ba8 37. Ke3 Kb7 38. Ra3 d6 39. Kf4 f6 40. g4
Kb6 41. Ra1 c5 42. c4 Kb7 43. Rd1 Kc7 44. Rb1 Bb7 45. Ra1 Ba8 46. Ra6 Kb7 47.
Rxd6 Kxa7 48. Rxf6 Bb7 49. Rf7 h5 50. g5 Kb6 51. Rxb7+ Kxb7 52. Ke5 Kc7 53. Kf6
1-0

[Event "CAMPEONATO DE EUSKADI ABSOLUTO"]
[Site "Zornotza"]
[Date "2009.04.16"]
[Round "4.1"]
[White "Astasio Lopez, David"]
[Black "Gomez Esteban, Juan Mario"]
[Result "0-1"]
[WhiteElo "2250"]
[BlackElo "2495"]
[PlyCount "84"]
[EventDate "2009.04.13"]

1. d4 d5 2. Nf3 Nf6 3. c3 Bf5 4. Nbd2 h6 5. Qb3 Qc8 6. Ne5 e6 7. Ndf3 Bd6 8.
Bf4 O-O 9. e3 Ne4 10. g4 Bh7 11. h4 f6 12. Nd3 g5 13. Bxd6 cxd6 14. Be2 Nc6 15.
hxg5 hxg5 16. Qb5 Qc7 17. Nb4 Ne7 18. Bd3 Bg6 19. Rd1 Be8 20. Nxd5 exd5 21. Qb3
Bg6 22. Rh6 Kg7 23. Rxg6+ Kxg6 24. c4 f5 25. cxd5 Qa5+ 26. Ke2 Qxd5 27. Qxd5
Nxd5 28. gxf5+ Kxf5 29. Nd2 Ndf6 30. f3 d5 31. fxe4+ Nxe4 32. Rg1 g4 33. Rh1 g3
34. Rg1 Kg4 35. Bxe4 Rf2+ 36. Kd3 Rxd2+ 37. Kxd2 dxe4 38. Ke2 Rc8 39. Kd2 b5
40. b3 b4 41. Kd1 Kf3 42. Kd2 g2 0-1

[Event "CAMPEONATO DE EUSKADI ABSOLUTO"]
[Site "Zornotza"]
[Date "2009.04.16"]
[Round "4.2"]
[White "Varas, Carlos"]
[Black "Martin Alvarez, Inigo"]
[Result "1/2-1/2"]
[WhiteElo "2245"]
[BlackElo "2236"]
[PlyCount "69"]
[EventDate "2009.04.13"]

1. e4 d6 2. d4 Nf6 3. Nc3 e5 4. Nf3 Nbd7 5. Bc4 Be7 6. O-O O-O 7. Re1 c6 8. a4
a5 9. h3 Nb6 10. Ba2 Nfd7 11. Be3 exd4 12. Bxd4 Nc5 13. Bxc5 dxc5 14. Qe2 Qd6
15. Rad1 Qh6 16. Qd2 Qxd2 17. Nxd2 Be6 18. Bxe6 fxe6 19. Nb3 Rf4 20. Re2 Rf7
21. e5 Rf4 22. Ra1 Nc4 23. g3 Rf5 24. Re4 Nxe5 25. f4 Nf3+ 26. Kf2 Nd4 27. Nxd4
cxd4 28. Rxd4 Bf6 29. Rd7 Rc5 30. Rxb7 Bxc3 31. bxc3 Rd8 32. Re1 Rd2+ 33. Kf1
Rxc3 34. Rxe6 h6 35. Rg6 1/2-1/2

[Event "CAMPEONATO DE EUSKADI ABSOLUTO"]
[Site "Zornotza"]
[Date "2009.04.16"]
[Round "4.3"]
[White "Argandona Riveiro, Inigo"]
[Black "Galzagorri Uli, Yeray"]
[Result "1-0"]
[WhiteElo "2371"]
[BlackElo "2263"]
[PlyCount "73"]
[EventDate "2009.04.13"]

1. Nf3 d5 2. d4 e6 3. g3 f5 4. Bg2 Bd6 5. O-O Nf6 6. c4 c6 7. b3 Qe7 8. Bb2 O-O
9. Qc1 b6 10. Ba3 Bxa3 11. Qxa3 Qxa3 12. Nxa3 Nbd7 13. Rac1 Bb7 14. Rc2 Rfe8
15. Rfc1 Re7 16. e3 Ne4 17. h4 c5 18. cxd5 exd5 19. Nb5 a6 20. Nc3 Rae8 21. Na4
Rc8 22. dxc5 bxc5 23. Nd4 Rf8 24. Ne2 Ne5 25. Nxc5 Nxc5 26. Rxc5 Nd3 27. Rc7
Nxc1 28. Rxe7 Nxe2+ 29. Kf1 Nxg3+ 30. fxg3 Bc6 31. Rc7 Bb5+ 32. Kf2 Rd8 33. Rc5
Kf7 34. Rxd5 Rc8 35. Rxf5+ Ke6 36. Be4 Rd8 37. Ke1 1-0

[Event "CAMPEONATO DE EUSKADI ABSOLUTO"]
[Site "Zornotza"]
[Date "2009.04.16"]
[Round "4.4"]
[White "Arias Garcia, Luis Javier"]
[Black "Limeres Guiance, Cristobal"]
[Result "1/2-1/2"]
[WhiteElo "2203"]
[BlackElo "2309"]
[PlyCount "33"]
[EventDate "2009.04.13"]

1. Nf3 e6 2. c4 d5 3. g3 Nf6 4. b3 c6 5. Bg2 Bd6 6. Bb2 Qe7 7. d4 O-O 8. O-O
Nbd7 9. Nbd2 b5 10. Ne5 Bb7 11. e4 bxc4 12. bxc4 Bxe5 13. dxe5 Nxe4 14. Nxe4
dxe4 15. Bxe4 Rab8 16. Qd3 c5 17. Rab1 1/2-1/2

[Event "CAMPEONATO DE EUSKADI ABSOLUTO"]
[Site "Zornotza"]
[Date "2009.04.16"]
[Round "4.5"]
[White "Trigo Urquijo, Sergio"]
[Black "Diez Fraile, David"]
[Result "1/2-1/2"]
[WhiteElo "2216"]
[BlackElo "2184"]
[PlyCount "67"]
[EventDate "2009.04.13"]

1. e4 c5 2. Nf3 d6 3. d4 cxd4 4. Nxd4 Nf6 5. Nc3 g6 6. Be3 Bg7 7. f3 Nc6 8. Qd2
O-O 9. O-O-O Bd7 10. h4 Rc8 11. Nd5 Nxd5 12. exd5 Nxd4 13. Bxd4 Bf5 14. c3 Bxd4
15. Qxd4 Qa5 16. g4 e5 17. Qd2 Bd7 18. Kb1 Bb5 19. h5 Bxf1 20. Rhxf1 Rc4 21. f4
Rxf4 22. Rxf4 exf4 23. Qxf4 Qd8 24. Re1 Re8 25. Re3 Rxe3 26. Qxe3 b6 27. Kc2
Kf8 28. Qe4 f6 29. hxg6 hxg6 30. Qe3 Qe7 31. Qh6+ Qg7 32. Qh2 Ke7 33. Qe2+ Kd8
34. Qe6 1/2-1/2

[Event "CAMPEONATO DE EUSKADI ABSOLUTO"]
[Site "Zornotza"]
[Date "2009.04.16"]
[Round "4.6"]
[White "Sarralde Osua, Rodrigo"]
[Black "Sanz Perez, Eduardo"]
[Result "1-0"]
[WhiteElo "2190"]
[BlackElo "2177"]
[PlyCount "89"]
[EventDate "2009.04.13"]

1. e4 e6 2. d4 d5 3. Nc3 Nf6 4. Bg5 Bb4 5. e5 h6 6. Be3 Ne4 7. Qg4 g6 8. a3
Bxc3+ 9. bxc3 c5 10. Bd3 Nxc3 11. dxc5 Ne4 12. Bxe4 dxe4 13. Qxe4 Bd7 14. Rd1
Qc7 15. Nf3 Bc6 16. Qf4 Nd7 17. O-O g5 18. Qg3 O-O-O 19. Rd6 Bxf3 20. gxf3 Nxc5
21. Rfd1 b6 22. Qg4 Nb7 23. Rxd8+ Rxd8 24. Rxd8+ Nxd8 25. Qe4 Qc6 26. Qxc6+
Nxc6 27. f4 gxf4 28. Bxf4 h5 29. c3 Na5 30. Bc1 Nc6 31. Bf4 b5 32. Kg2 Ne7 33.
Kf3 Ng6 34. Ke4 Kd7 35. Be3 a6 36. Bc5 Kc6 37. Be3 a5 38. Bg5 Kc5 39. Bd8 a4
40. f4 Kc4 41. f5 exf5+ 42. Kxf5 Kd5 43. e6 Ne5 44. e7 Nc4 45. Bc7 1-0

[Event "CAMPEONATO DE EUSKADI ABSOLUTO"]
[Site "Zornotza"]
[Date "2009.04.16"]
[Round "4.7"]
[White "Hernandez Perez, Jesus"]
[Black "Alvarez Ibarra, Rafael"]
[Result "0-1"]
[WhiteElo "2061"]
[BlackElo "2377"]
[PlyCount "68"]
[EventDate "2009.04.13"]

1. e4 c5 2. Nf3 Nc6 3. d3 g6 4. g3 Bg7 5. Bg2 d6 6. O-O e5 7. c3 Nge7 8. Nbd2
O-O 9. Re1 h6 10. Nf1 Be6 11. Be3 f5 12. Qc1 g5 13. exf5 Nxf5 14. a4 Qd7 15.
N3d2 Rac8 16. Ne4 Ncd4 17. Bxd4 cxd4 18. c4 d5 19. Ned2 Nd6 20. b3 Qf7 21. f3
Qg6 22. Qb1 Bf5 23. cxd5 Bxd3 24. Qa2 g4 25. f4 Rc2 26. Qa3 e4 27. Rac1 Rfc8
28. Rxc2 Rxc2 29. Rc1 e3 30. Rxc2 Bxc2 31. Nc4 Nxc4 32. bxc4 e2 33. Qe7 exf1=Q+
34. Bxf1 Qe4 0-1

[Event "CAMPEONATO DE EUSKADI ABSOLUTO"]
[Site "Zornotza"]
[Date "2009.04.16"]
[Round "4.8"]
[White "Huerga Leache, Mikel"]
[Black "Padilla Cabero, Pablo"]
[Result "1-0"]
[WhiteElo "2451"]
[BlackElo "2168"]
[PlyCount "47"]
[EventDate "2009.04.13"]

1. e4 Nf6 2. e5 Nd5 3. d4 c5 4. c4 Nb4 5. d5 d6 6. a3 Qa5 7. Bd2 Bf5 8. Nf3
dxe5 9. Nh4 Bd7 10. Qb3 Qa6 11. Nc3 e4 12. Nb5 Bxb5 13. cxb5 Qf6 14. Qh3 Nc2+
15. Kd1 Nd7 16. Kxc2 Qxf2 17. Re1 Nf6 18. Nf5 e6 19. dxe6 fxe6 20. Ne3 O-O-O
21. Be2 Qf4 22. Qxe6+ Rd7 23. Rhf1 Qg5 24. Rxf6 1-0

[Event "CAMPEONATO DE EUSKADI ABSOLUTO"]
[Site "Zornotza"]
[Date "2009.04.16"]
[Round "4.9"]
[White "De Andres Oterino, Carlos"]
[Black "Ruiz Gomez, Alejandro"]
[Result "0-1"]
[WhiteElo "1954"]
[BlackElo "2363"]
[PlyCount "96"]
[EventDate "2009.04.13"]

1. Nf3 Nf6 2. c4 c5 3. Nc3 a6 4. g3 Nc6 5. Bg2 d6 6. d4 cxd4 7. Nxd4 Bd7 8. O-O
e6 9. e4 Be7 10. Be3 O-O 11. Rc1 Ne5 12. b3 Rb8 13. h3 b5 14. f4 Ng6 15. e5
dxe5 16. fxe5 Nxe5 17. Bf4 Ng6 18. Bxb8 Qxb8 19. Nde2 Ne5 20. cxb5 axb5 21. Ne4
Nd5 22. Qd4 Rd8 23. Nf4 Nxf4 24. gxf4 Ng6 25. Qf2 f5 26. Nc5 Bc8 27. Kh1 b4 28.
Qe3 Qb6 29. Rfe1 Nxf4 30. Qxf4 Bxc5 31. Qc4 Be7 32. Qc7 Qxc7 33. Rxc7 Bf6 34.
Bb7 Bxb7+ 35. Rxb7 Re8 36. Rb6 e5 37. Rxb4 e4 38. Rb7 g5 39. Kg2 f4 40. Kf1 f3
41. Rb4 e3 42. Rc4 h5 43. Rec1 Kf7 44. Rc7+ Kg6 45. R7c6 g4 46. hxg4 hxg4 47.
a4 g3 48. Rc8 e2+ 0-1

[Event "CAMPEONATO DE EUSKADI ABSOLUTO"]
[Site "Zornotza"]
[Date "2009.04.16"]
[Round "4.10"]
[White "Lopez Rojas, Salvador"]
[Black "Nava Pereda, Carlos"]
[Result "0-1"]
[WhiteElo "1798"]
[BlackElo "2296"]
[PlyCount "54"]
[EventDate "2009.04.13"]

1. d4 Nf6 2. c4 g6 3. Nc3 d5 4. Nf3 Bg7 5. cxd5 Nxd5 6. e4 Nxc3 7. bxc3 c5 8.
Be3 O-O 9. Qd2 Nd7 10. Rd1 Qa5 11. Bd3 e5 12. O-O exd4 13. cxd4 Qxd2 14. Rxd2
cxd4 15. Bxd4 Bxd4 16. Nxd4 Ne5 17. Nb3 Nxd3 18. Rxd3 Be6 19. Rc1 Rac8 20. Rdc3
Rxc3 21. Rxc3 Rd8 22. f4 Rd1+ 23. Kf2 Rb1 24. Kf3 Rb2 25. Nc1 Bxa2 26. Ra3 Bc4
27. Rxa7 Rb1 0-1

[Event "CAMPEONATO DE EUSKADI ABSOLUTO"]
[Site "Zornotza"]
[Date "2009.04.16"]
[Round "4.11"]
[White "Villalta Bustillo, Igor"]
[Black "Agirretxe San Sebastian, Jesus"]
[Result "0-1"]
[WhiteElo "2169"]
[BlackElo "2173"]
[PlyCount "46"]
[EventDate "2009.04.13"]

1. d4 d5 2. Nf3 Nf6 3. e3 Bf5 4. c4 c6 5. Nc3 e6 6. Nh4 Bg4 7. Qb3 Qc7 8. h3
Bh5 9. g4 Bg6 10. Nxg6 hxg6 11. Bg2 Nbd7 12. e4 e5 13. dxe5 dxc4 14. Qxc4 Nxe5
15. Qe2 O-O-O 16. Be3 Nd3+ 17. Kf1 Bc5 18. Bxc5 Nxc5 19. b4 Nd3 20. Rb1 Nf4 21.
Qc2 Rd3 22. b5 Rhd8 23. Kg1 Rxc3 0-1

[Event "CAMPEONATO DE EUSKADI ABSOLUTO"]
[Site "Zornotza"]
[Date "2009.04.16"]
[Round "4.12"]
[White "Galarza Cenzano, Inigo"]
[Black "Gutierrez Bustillo, Diego"]
[Result "1/2-1/2"]
[WhiteElo "2037"]
[BlackElo "2004"]
[PlyCount "40"]
[EventDate "2009.04.13"]

1. e4 e5 2. Bc4 Nf6 3. d3 c6 4. Nf3 d5 5. Bb3 Bd6 6. Nc3 Be6 7. O-O Nbd7 8. Ng5
Nc5 9. Nxe6 fxe6 10. Qe2 a5 11. exd5 exd5 12. d4 Nxb3 13. axb3 e4 14. f3 O-O
15. fxe4 Nxe4 16. Rxf8+ Qxf8 17. Nxe4 dxe4 18. Be3 Qf6 19. Rf1 Qh4 20. g3 Bxg3
1/2-1/2